[Event "DEM U14 2016"]
[Site "Willingen GER"]
[Date "2016.05.18"]
[Round "6"]
[White "Zimmer, Raphael"]
[Black "Roseneck, Jonas"]
[Result "1-0"]
[Termination "normal"]
[Board "1"]
[WhiteElo "2091"]
[BlackElo "2011"]
[WhiteClock "00:08:14"]
[BlackClock "00:05:15"]
[PlyCount "83"]
[WhiteFideId "12978841"]
[BlackFideId "12939870"]
[EventCountry "GER"]
[EventRounds "9"]
[EventType "swiss"]
[EventDate "2016.05.14"]

1. e4 c5 2. Nf3 d6 3. d4 cxd4 4. Nxd4 Nf6 5. f3 e5 6. Nb3 a5 7. Nc3 Nc6 8. Be3
Be7 9. Bb5 O-O 10. O-O Be6 11. Rf2 Qc7 12. Rd2 Rfd8 13. Na4 Nd7 14. c4 f5 15.
Rc1 b6 16. Nc3 Nc5 17. exf5 Bf7 18. Bxc6 Qxc6 19. Nd5 Bxd5 20. Rxd5 Rf8 21.
Bxc5 bxc5 22. Qd3 Ra6 23. Rc2 Bg5 24. g3 Qc8 25. Nd2 Bxd2 26. Rxd2 Rxf5 27.
Rxd6 Rxd6 28. Qxd6 Rxf3 29. Qxe5 Qf8 30. Qd5+ Rf7 31. Rf2 g6 32. Kg2 Kg7 33.
Rxf7+ Qxf7 34. Qxf7+ Kxf7 35. Kf3 a4 36. Kf4 Kf6 37. g4 h6 38. h4 Ke6 39. Ke4
Kd6 40. h5 gxh5 41. gxh5 Ke6 42. a3 1-0

[Event "DEM U14 2016"]
[Site "Willingen GER"]
[Date "2016.05.18"]
[Round "6"]
[White "Engel, Luis"]
[Black "Pajeken, Jakob Leon"]
[Result "1-0"]
[Termination "normal"]
[Board "2"]
[WhiteElo "2223"]
[BlackElo "2066"]
[WhiteClock "00:14:41"]
[BlackClock "00:19:13"]
[PlyCount "79"]
[WhiteFideId "12961523"]
[BlackFideId "12942839"]
[EventCountry "GER"]
[EventRounds "9"]
[EventType "swiss"]
[EventDate "2016.05.14"]

1. e4 e5 2. Nf3 Nc6 3. Nc3 Nf6 4. Be2 d5 5. exd5 Nxd5 6. O-O Nxc3 7. bxc3 Bd6
8. d4 exd4 9. cxd4 O-O 10. Bg5 f6 11. Be3 Bg4 12. c3 Kh8 13. Qb1 Rb8 14. Ng5
fxg5 15. Bxg4 Qf6 16. g3 Ne7 17. Qc1 h6 18. Rb1 Nf5 19. Bh3 c6 20. Bg2 Qf7 21.
Qc2 Rfe8 22. Bd2 Bc7 23. Be4 Rf8 24. Bc1 Nd6 25. Ba3 Qd7 26. Bd3 Rf6 27. Rfe1
Nf5 28. Re4 Bd6 29. Bxd6 Nxd6 30. Re3 Rbf8 31. Rbe1 Qh3 32. Re7 Nf5 33. Bf1 Qg4
34. R7e4 Qf3 35. Bg2 Nxd4 36. cxd4 Qxf2+ 37. Qxf2 Rxf2 38. Re8 Kg8 39. Rxf8+
Rxf8 40. Re7 1-0

[Event "DEM U14 2016"]
[Site "Willingen GER"]
[Date "2016.05.18"]
[Round "6"]
[White "Färber, David"]
[Black "Holinka, Henning"]
[Result "1-0"]
[Termination "normal"]
[Board "3"]
[WhiteElo "2117"]
[BlackElo "2011"]
[WhiteClock "00:12:53"]
[BlackClock "00:04:23"]
[PlyCount "67"]
[WhiteFideId "12971294"]
[BlackFideId "12967084"]
[EventCountry "GER"]
[EventRounds "9"]
[EventType "swiss"]
[EventDate "2016.05.14"]

1. e4 c5 2. Nf3 d6 3. d4 cxd4 4. Nxd4 Nf6 5. Nc3 a6 6. Bg5 e6 7. f4 Be7 8. Qf3
h6 9. Bh4 g5 10. fxg5 Nfd7 11. Qh5 Ne5 12. Nf3 Nxf3+ 13. Qxf3 hxg5 14. Bg3 b5
15. O-O-O Bb7 16. Qd3 e5 17. Nd5 Nc6 18. Bf2 Rc8 19. Be2 Nd4 20. Bxd4 Bxd5 21.
Bxe5 dxe5 22. exd5 Rh6 23. Rhf1 Qc7 24. h3 Rd6 25. Kb1 Bf6 26. c3 Ke7 27. Rf5
Qc5 28. Qe4 Qc7 29. Rdf1 Rb6 30. Bg4 Rg8 31. Qb4+ Qd6 32. Rxf6 Qxb4 33. Rxf7+
Ke8 34. cxb4 1-0

[Event "DEM U14 2016"]
[Site "Willingen GER"]
[Date "2016.05.18"]
[Round "6"]
[White "Kopylov, Daniel"]
[Black "Hoffmann, Lennard"]
[Result "1-0"]
[Termination "normal"]
[Board "5"]
[WhiteElo "2098"]
[BlackElo "1867"]
[WhiteClock "00:12:23"]
[BlackClock "00:33:54"]
[PlyCount "101"]
[WhiteFideId "12921971"]
[BlackFideId "12943495"]
[EventCountry "GER"]
[EventRounds "9"]
[EventType "swiss"]
[EventDate "2016.05.14"]

1. e4 c5 2. Nf3 d6 3. d4 cxd4 4. Nxd4 Nf6 5. Nc3 a6 6. Be2 e6 7. Be3 Nbd7 8.
O-O b5 9. a4 bxa4 10. f4 Bb7 11. Bf3 Qc7 12. f5 e5 13. Nde2 Be7 14. Rxa4 Bc6
15. Ra2 O-O 16. g4 Rfb8 17. g5 Ne8 18. Ng3 Nb6 19. b3 Rd8 20. Nd5 Nxd5 21. exd5
Bd7 22. Be4 f6 23. h4 a5 24. Qd2 Bf8 25. Nh5 a4 26. bxa4 Qc4 27. Qg2 Qxa2 28.
gxf6 Bxa4 29. fxg7 Bxg7 30. f6 Rd7 31. Bh6 Raa7 32. Nxg7 Nxg7 33. Kh1 Qc4 34.
Bxg7 Rxg7 35. fxg7 Rxg7 36. Qf3 Qc8 37. h5 h6 38. Bg6 Bxc2 39. Rc1 Rxg6 40.
hxg6 Qf5 41. Qxf5 Bxf5 42. Kh2 Be4 43. Rc8+ Kg7 44. Rc7+ Kg8 45. Kg3 Bxd5 46.
Kg4 e4 47. Kf5 Kf8 48. Kf6 Ke8 49. g7 h5 50. Re7+ Kd8 51. Rf7 1-0

[Event "DEM U14 2016"]
[Site "Willingen GER"]
[Date "2016.05.18"]
[Round "6"]
[White "Preißler, Niklas"]
[Black "Baltic, Fatih"]
[Result "1/2-1/2"]
[Termination "normal"]
[Board "6"]
[WhiteElo "1909"]
[BlackElo "2163"]
[WhiteClock "00:23:25"]
[BlackClock "00:19:51"]
[PlyCount "56"]
[WhiteFideId "12927554"]
[BlackFideId "12979090"]
[EventCountry "GER"]
[EventRounds "9"]
[EventType "swiss"]
[EventDate "2016.05.14"]

1. d4 Nf6 2. Nf3 g6 3. c4 Bg7 4. Nc3 O-O 5. e4 d6 6. Be2 e5 7. O-O c6 8. d5 Na6
9. Ne1 Ne8 10. Be3 f5 11. f3 f4 12. Bf2 c5 13. a3 h5 14. Nd3 g5 15. b4 b6 16.
Rb1 Rf6 17. a4 Rg6 18. a5 bxa5 19. bxc5 g4 20. Qe1 g3 21. hxg3 fxg3 22. Bxg3
Qg5 23. Qf2 Qxg3 24. Qxg3 Rxg3 25. Kf2 Rg5 26. cxd6 Nxd6 27. c5 Nb7 28. Na4 Bf8
1/2-1/2

[Event "DEM U14 2016"]
[Site "Willingen GER"]
[Date "2016.05.18"]
[Round "6"]
[White "Mätzkow, Maximilian Paul"]
[Black "Wierzbicki, Jirawat"]
[Result "0-1"]
[Termination "normal"]
[Board "7"]
[WhiteElo "2161"]
[BlackElo "2071"]
[WhiteClock "00:07:28"]
[BlackClock "00:03:52"]
[PlyCount "146"]
[WhiteFideId "24679933"]
[BlackFideId "1153579"]
[EventCountry "GER"]
[EventRounds "9"]
[EventType "swiss"]
[EventDate "2016.05.14"]

1. e4 e5 2. Nf3 Nc6 3. Bc4 Nf6 4. d3 Bc5 5. O-O d6 6. a4 a6 7. h3 O-O 8. Re1 h6
9. Nbd2 Re8 10. c3 Ba7 11. Bb3 Be6 12. Nf1 Nh5 13. Be3 Qf6 14. N3h2 Nf4 15.
Bxf4 Qxf4 16. Ne3 Rad8 17. Qc2 Rd7 18. Nd5 Qg3 19. Ne3 Qg6 20. Kh1 Ne7 21. Nf3
c6 22. Rad1 Red8 23. Nf1 Bxb3 24. Qxb3 Bxf2 25. Re2 Bg3 26. d4 Bf4 27. a5 Qh5
28. dxe5 dxe5 29. Ree1 Qg6 30. Rxd7 Rxd7 31. Rd1 Rxd1 32. Qxd1 Qxe4 33. Qd8+
Kh7 34. Qxe7 Qb1 35. N3h2 Bxh2 36. Kxh2 Qxf1 37. Qxe5 Qb5 38. Qe8 Qxb2 39. Qxf7
Qxc3 40. Qf5+ g6 41. Qd7+ Qg7 42. Qc8 Qe7 43. Kh1 h5 44. Kh2 c5 45. Kh1 Kh6 46.
Qh8+ Kg5 47. Qc3 c4 48. Qc1+ Kf6 49. Qf4+ Kg7 50. Qd4+ Qf6 51. Qxc4 Qa1+ 52.
Kh2 Qxa5 53. Qd4+ Kf7 54. Qd7+ Kf6 55. Qxb7 Qe5+ 56. Kh1 Qb5 57. Qf3+ Qf5 58.
Qc6+ Qe6 59. Qf3+ Kg7 60. Qc3+ Kh7 61. Qc7+ Kh6 62. Qf4+ g5 63. Qf8+ Kg6 64.
Qb4 Qf6 65. Qe4+ Kh6 66. Qa8 g4 67. hxg4 hxg4 68. Qe4 Kh5 69. Qh7+ Qh6 70. Qc2
Kh4 71. Kg1 Qe3+ 72. Kf1 Kg3 73. Qa2 a5 0-1

[Event "DEM U14 2016"]
[Site "Willingen GER"]
[Date "2016.05.18"]
[Round "6"]
[White "Suvorov, Alexander"]
[Black "Mühlpfordt, Thomas"]
[Result "1-0"]
[Termination "normal"]
[Board "8"]
[WhiteElo "2086"]
[BlackElo "1707"]
[WhiteClock "00:22:34"]
[BlackClock "00:41:40"]
[PlyCount "43"]
[WhiteFideId "12977063"]
[BlackFideId "12986623"]
[EventCountry "GER"]
[EventRounds "9"]
[EventType "swiss"]
[EventDate "2016.05.14"]

1. d4 d5 2. c4 c6 3. Nf3 Nf6 4. e3 e6 5. b3 Bd6 6. Bb2 Nbd7 7. Bd3 O-O 8. O-O
b6 9. Nbd2 Bb7 10. Ne5 Qc7 11. f4 Rfe8 12. Qe2 Rad8 13. Rac1 Qb8 14. Rf3 Nf8
15. Rh3 Be7 16. g4 g6 17. Rf1 N8d7 18. g5 Nh5 19. Rxh5 gxh5 20. Qxh5 f5 21.
Qf7+ Kh8 22. g6 1-0

[Event "DEM U14 2016"]
[Site "Willingen GER"]
[Date "2016.05.18"]
[Round "6"]
[White "Roho, Kevin"]
[Black "Mantel, Ruben"]
[Result "1/2-1/2"]
[Termination "normal"]
[Board "9"]
[WhiteElo "1859"]
[BlackElo "1925"]
[WhiteClock "00:20:01"]
[BlackClock "00:04:40"]
[PlyCount "127"]
[WhiteFideId "12973734"]
[BlackFideId "12930121"]
[EventCountry "GER"]
[EventRounds "9"]
[EventType "swiss"]
[EventDate "2016.05.14"]

1. Nf3 d5 2. g3 e6 3. Bg2 f5 4. d3 Nf6 5. Nbd2 Bc5 6. O-O O-O 7. Qe1 Nc6 8. a3
e5 9. e4 fxe4 10. dxe4 d4 11. Qe2 Kh8 12. h3 Qe8 13. Ne1 d3 14. Nxd3 Nd4 15.
Qd1 Bb6 16. c3 Nc6 17. Nc4 Qg6 18. Nxb6 axb6 19. Qe2 Be6 20. Nb4 Qf7 21. Nxc6
bxc6 22. Rd1 Bc4 23. Qe1 Bb3 24. Rd2 Qg6 25. Qe3 Rad8 26. Kh2 Rxd2 27. Bxd2 Bc2
28. f3 Nh5 29. Be1 b5 30. Qc5 Qf6 31. c4 Bd3 32. cxb5 cxb5 33. Qe3 Bc4 34. b3
Be6 35. a4 bxa4 36. bxa4 Bc4 37. a5 Ba6 38. Rc1 c6 39. Qb6 Bb5 40. a6 Nf4 41.
gxf4 Qxf4+ 42. Bg3 Qxc1 43. a7 Qa3 44. Qb8 Rg8 45. Bxe5 Qa6 46. Bc7 c5 47. Qb6
c4 48. Qxa6 Bxa6 49. Bf1 Ra8 50. Bb8 c3 51. Bxa6 c2 52. Bf4 Rxa7 53. Bd3 Ra1
54. Bxc2 Ra2 55. Kg3 Rxc2 56. h4 Kg8 57. Be5 Kf7 58. Bd4 h5 59. Be3 g6 60. Bg5
Ke6 61. Kf4 Rh2 62. Kg3 Rh1 63. Kf4 Rh3 64. Bd8 1/2-1/2

[Event "DEM U14 2016"]
[Site "Willingen GER"]
[Date "2016.05.18"]
[Round "6"]
[White "Wong, Gengchun"]
[Black "Oganessjan, Artur"]
[Result "1-0"]
[Termination "normal"]
[Board "10"]
[WhiteElo "2077"]
[BlackElo "1990"]
[WhiteClock "00:05:53"]
[BlackClock "00:16:13"]
[PlyCount "81"]
[WhiteFideId "12963283"]
[BlackFideId "12986062"]
[EventCountry "GER"]
[EventRounds "9"]
[EventType "swiss"]
[EventDate "2016.05.14"]

1. e4 e6 2. d4 d5 3. Nd2 c5 4. exd5 Qxd5 5. dxc5 Bxc5 6. Ngf3 Nf6 7. Bc4 Qd6 8.
O-O Nc6 9. Qe2 O-O 10. a3 a6 11. b4 Nd4 12. Qd3 Nxf3+ 13. Nxf3 Qxd3 14. Bxd3
Be7 15. c4 Rd8 16. Bc2 b5 17. c5 Bb7 18. Bb2 Nd5 19. Rab1 Nf4 20. Rfd1 Bf6 21.
Bxf6 gxf6 22. Kf1 Bd5 23. Bb3 Be4 24. Rxd8+ Rxd8 25. Rd1 Nd5 26. Rd4 Bxf3 27.
gxf3 Kg7 28. Bxd5 exd5 29. Ke2 f5 30. Rd1 Kf6 31. Ke3 Ke6 32. Kd4 f6 33. Re1+
Kf7 34. Re2 f4 35. Re1 h5 36. c6 h4 37. Kc5 d4 38. c7 Rc8 39. Kd6 d3 40. Kd7 d2
41. Rd1 1-0

[Event "DEM U14 2016"]
[Site "Willingen GER"]
[Date "2016.05.18"]
[Round "6"]
[White "Biastoch, Bennet"]
[Black "Rockmann, Jan-Okke"]
[Result "1-0"]
[Termination "normal"]
[Board "11"]
[WhiteElo "2105"]
[BlackElo "1885"]
[WhiteClock "00:11:22"]
[BlackClock "01:39:46"]
[PlyCount "155"]
[WhiteFideId "12939889"]
[BlackFideId "12942111"]
[EventCountry "GER"]
[EventRounds "9"]
[EventType "swiss"]
[EventDate "2016.05.14"]

1. e4 e5 2. Nf3 Nc6 3. Bb5 a6 4. Ba4 Nf6 5. O-O Be7 6. Re1 b5 7. Bb3 O-O 8. c3
d5 9. exd5 Nxd5 10. Nxe5 Nxe5 11. Rxe5 c6 12. d3 Bd6 13. Re1 Qh4 14. g3 Qh3 15.
Re4 Bd7 16. Rh4 Qf5 17. Nd2 Rae8 18. Bc2 Qe6 19. Nf3 f5 20. Ng5 Qe1+ 21. Qxe1
Rxe1+ 22. Kg2 h6 23. Nf3 Re6 24. Bb3 g5 25. Rd4 g4 26. Nh4 Be5 27. Rxd5 cxd5
28. Bxd5 Bc6 29. Bxc6 Rxc6 30. d4 Bg7 31. Bf4 b4 32. d5 Rc4 33. Bd6 Rd8 34.
Bxb4 Rxd5 35. Ng6 Kf7 36. Nf4 Rd2 37. Rb1 Re4 38. Bc5 Ke8 39. Kf1 Kd8 40. Be3
Rd7 41. Ke2 Kc7 42. Nd3 Kc6 43. Kd2 h5 44. Kc2 Bf8 45. b4 Rb7 46. a4 h4 47. Kb3
h3 48. c4 Rd7 49. b5+ Kb7 50. Rd1 Rc7 51. c5 axb5 52. axb5 Rxe3 53. c6+ Kb6 54.
fxe3 Kxb5 55. Ne5 Bg7 56. Rd5+ Ka6 57. Nd7 Bh6 58. Ka4 Rxc6 59. Nb8+ Kb7 60.
Nxc6 Kxc6 61. Rd3 Kc5 62. Kb3 Bg7 63. Rd7 Bh6 64. Rd3 Bg7 65. Kc2 Kc4 66. Rd7
Be5 67. Rf7 Kd5 68. Rxf5 Ke4 69. Rxe5+ Kf3 70. Kd2 Kg2 71. Ke2 Kxh2 72. Kf2 Kh1
73. Ra5 Kh2 74. e4 Kh1 75. e5 Kh2 76. e6 Kh1 77. e7 h2 78. Ra1# 1-0

[Event "DEM U14 2016"]
[Site "Willingen GER"]
[Date "2016.05.18"]
[Round "6"]
[White "Tong, Kevin"]
[Black "Pfreundt, Mathis"]
[Result "1/2-1/2"]
[Termination "normal"]
[Board "12"]
[WhiteElo "2037"]
[BlackElo "1851"]
[WhiteClock "00:14:07"]
[BlackClock "00:13:21"]
[PlyCount "95"]
[WhiteFideId "12913944"]
[BlackFideId "12967092"]
[EventCountry "GER"]
[EventRounds "9"]
[EventType "swiss"]
[EventDate "2016.05.14"]

1. e4 e5 2. Nf3 Nc6 3. Bc4 Bc5 4. c3 Nf6 5. d3 a6 6. O-O O-O 7. h3 h6 8. Re1
Ba7 9. Nbd2 d6 10. Bb3 Nh5 11. Nf1 Qf6 12. Ne3 Nf4 13. Nd5 Nxd5 14. Bxd5 Ne7
15. Bb3 Ng6 16. Qe2 Be6 17. Bc2 Nf4 18. Bxf4 Qxf4 19. d4 g5 20. Qe3 Qf6 21.
Rad1 g4 22. hxg4 Bxg4 23. Rd2 Kh8 24. Nh2 Be6 25. g3 Rg8 26. Nf3 Rg6 27. b3 b5
28. Kg2 c5 29. dxe5 dxe5 30. Red1 c4 31. Qe2 Bg4 32. bxc4 bxc4 33. Rb1 h5 34.
Rh1 Kg7 35. Bd1 Rd8 36. Rxd8 Qxd8 37. Qxc4 Rf6 38. Be2 Qb6 39. Rf1 h4 40. Qd3
h3+ 41. Kh2 a5 42. Kh1 a4 43. c4 Qc5 44. Qc3 Kg8 45. Bd1 a3 46. Be2 Bb6 47. Kh2
Ba7 48. Kh1 1/2-1/2

[Event "DEM U14 2016"]
[Site "Willingen GER"]
[Date "2016.05.18"]
[Round "6"]
[White "Suvorov, Luca"]
[Black "von Estorff, Jacob"]
[Result "1/2-1/2"]
[Termination "normal"]
[Board "13"]
[WhiteElo "1995"]
[BlackElo "1876"]
[WhiteClock "00:02:30"]
[BlackClock "00:08:06"]
[PlyCount "57"]
[WhiteFideId "12977071"]
[BlackFideId "12974501"]
[EventCountry "GER"]
[EventRounds "9"]
[EventType "swiss"]
[EventDate "2016.05.14"]

1. d4 d5 2. c4 e6 3. Nf3 Nf6 4. cxd5 exd5 5. Bg5 Be7 6. Nc3 O-O 7. Qc2 Re8 8.
e3 c6 9. Bd3 h6 10. Bf4 Bd6 11. Bxd6 Qxd6 12. h3 Qe7 13. O-O Ne4 14. Bxe4 dxe4
15. Nd2 f5 16. Rae1 Be6 17. f3 exf3 18. Nxf3 Nd7 19. a3 Kh8 20. Ne2 g6 21. Nf4
Kg7 22. g4 Rf8 23. Nh4 Bf7 24. Nfg2 fxg4 25. hxg4 Qg5 26. Rf4 Bd5 27. Ref1 Rxf4
28. Rxf4 Qd8 29. Rf1 1/2-1/2

[Event "DEM U14 2016"]
[Site "Willingen GER"]
[Date "2016.05.18"]
[Round "6"]
[White "Bui, Hai Lam"]
[Black "Lesny, Florian"]
[Result "1-0"]
[Termination "normal"]
[Board "16"]
[WhiteElo "2025"]
[BlackElo "1865"]
[PlyCount "75"]
[WhiteFideId "12975737"]
[BlackFideId "12973874"]
[EventCountry "GER"]
[EventRounds "9"]
[EventType "swiss"]
[EventDate "2016.05.14"]

1. e4 c5 2. Nc3 a6 3. Nf3 d6 4. d4 cxd4 5. Nxd4 Nf6 6. Bg5 Nbd7 7. Qe2 g6 8.
O-O-O Bg7 9. h4 h5 10. Kb1 Qc7 11. f3 b5 12. Nd5 Nxd5 13. exd5 Nf6 14. Nc6 Bb7
15. Nb4 O-O 16. g4 Rac8 17. gxh5 Nxh5 18. Bh3 Qc4 19. Qd2 Rce8 20. Bg4 Nf6 21.
h5 Nxg4 22. fxg4 a5 23. Nc6 Bxc6 24. dxc6 b4 25. Qh2 Be5 26. Qh3 Qe6 27. Rdf1
gxh5 28. Rf5 Kg7 29. gxh5 Rh8 30. h6+ Kh7 31. Qd3 Kg8 32. Rg1 Kf8 33. Qh3 Rh7
34. Qg4 Qg6 35. c7 e6 36. Rff1 f6 37. Qc4 Rc8 38. Bxf6 1-0

[Event "DEM U14 2016"]
[Site "Willingen GER"]
[Date "2016.05.18"]
[Round "6"]
[White "Lange, Jannis"]
[Black "Recktenwald, Cedric"]
[Result "1-0"]
[Termination "normal"]
[Board "17"]
[WhiteElo "1768"]
[BlackElo "1563"]
[PlyCount "45"]
[WhiteFideId "12993107"]
[BlackFideId "12971928"]
[EventCountry "GER"]
[EventRounds "9"]
[EventType "swiss"]
[EventDate "2016.05.14"]

1. e4 e6 2. d4 d5 3. Nc3 Bb4 4. Nge2 dxe4 5. a3 Bxc3+ 6. Nxc3 f5 7. f3 exf3 8.
Qxf3 Nc6 9. Bb5 Bd7 10. Be3 Nf6 11. O-O-O Qe7 12. d5 exd5 13. Rhe1 O-O-O 14.
Bxa7 Qf7 15. Bf2 Ne7 16. Qf4 Ne4 17. Bxd7+ Rxd7 18. Nxe4 Ng6 19. Qe3 fxe4 20.
Qa7 Kd8 21. Bc5 Ke8 22. Rxe4+ Re7 23. Qxb7 1-0

[Event "DEM U14 2016"]
[Site "Willingen GER"]
[Date "2016.05.18"]
[Round "6"]
[White "Meric, Geoffrey"]
[Black "Lindow, Max"]
[Result "1-0"]
[Termination "normal"]
[Board "18"]
[WhiteElo "1873"]
[BlackElo "1472"]
[PlyCount "83"]
[WhiteFideId "26092891"]
[BlackFideId "16211057"]
[EventCountry "GER"]
[EventRounds "9"]
[EventType "swiss"]
[EventDate "2016.05.14"]

1. e4 e5 2. Nf3 Nc6 3. Bb5 a6 4. Ba4 Nf6 5. d3 b5 6. Bb3 d6 7. c3 Be7 8. O-O
O-O 9. Nbd2 Na5 10. Bc2 c5 11. Re1 Qc7 12. Nf1 Re8 13. Ng3 g6 14. h3 Bf8 15.
Nh2 Bg7 16. Qf3 Be6 17. Bg5 Nd7 18. Ng4 Bxg4 19. hxg4 Nf8 20. Nf1 Ne6 21. Bd2
Rac8 22. Ne3 Qd8 23. g3 Nc6 24. Kg2 Ne7 25. Rh1 Qd7 26. Bb3 Ng5 27. Qe2 Ne6 28.
Rh2 Nf8 29. Rah1 h6 30. Nd5 Nxd5 31. Bxd5 g5 32. f4 exf4 33. gxf4 Nh7 34. fxg5
Nxg5 35. Rh5 Qd8 36. Bxg5 hxg5 37. Rf1 Rc7 38. Qe3 Bf6 39. Qf3 Kg7 40. Qf5 a5
41. Qh7+ Kf8 42. Rxg5 1-0

[Event "DEM U14 2016"]
[Site "Willingen GER"]
[Date "2016.05.18"]
[Round "6"]
[White "Biermann, Florian"]
[Black "Roth, Jakob"]
[Result "1-0"]
[Termination "normal"]
[Board "19"]
[WhiteElo "1964"]
[BlackElo "1847"]
[PlyCount "113"]
[WhiteFideId "12970069"]
[BlackFideId "12952605"]
[EventCountry "GER"]
[EventRounds "9"]
[EventType "swiss"]
[EventDate "2016.05.14"]

1. g3 d5 2. Bg2 Nf6 3. Nf3 c6 4. d3 Nbd7 5. O-O e5 6. e4 Bd6 7. Nh4 Nc5 8. b4
Na6 9. a3 Be6 10. Nf5 Bxf5 11. exf5 Qb6 12. c4 c5 13. Qa4+ Qc6 14. b5 Qd7 15.
Bg5 Nc7 16. Bxf6 gxf6 17. Nc3 Ke7 18. Bxd5 Qxf5 19. Bxb7 Rag8 20. Nd5+ Nxd5 21.
Bxd5 Qd7 22. Bc6 Qc7 23. Rae1 h5 24. Qd1 Kf8 25. Qf3 Rg6 26. Be4 Rgh6 27. h4
Rg8 28. Qf5 Qe7 29. a4 Bc7 30. Ra1 Ba5 31. Kg2 Qe6 32. Qf3 Qg4 33. Qe3 Kg7 34.
Qxc5 Bb6 35. Qb4 Bd4 36. Rac1 Kh8 37. Qd2 Kg7 38. c5 f5 39. Qg5+ Qxg5 40. hxg5
Rg6 41. Bxf5 Rxg5 42. Be4 f5 43. Bd5 Rc8 44. c6 Bb6 45. Be6 Rc7 46. Bd7 f4 47.
Kf3 fxg3 48. fxg3 Kf6 49. Rc4 Rg7 50. Rh4 Rg5 51. Rfh1 Ke7 52. Rxh5 Rxh5 53.
Rxh5 Kd6 54. g4 Bd4 55. Ke4 a5 56. g5 Kc5 57. g6 1-0

[Event "DEM U14 2016"]
[Site "Willingen GER"]
[Date "2016.05.18"]
[Round "6"]
[White "Pölt, Christoph"]
[Black "Pysarenko, Kyrill"]
[Result "1-0"]
[Termination "normal"]
[Board "21"]
[WhiteElo "1767"]
[BlackElo "1718"]
[PlyCount "39"]
[WhiteFideId "12960853"]
[BlackFideId "12974250"]
[EventCountry "GER"]
[EventRounds "9"]
[EventType "swiss"]
[EventDate "2016.05.14"]

1. d4 Nf6 2. c4 c5 3. d5 e6 4. Nc3 exd5 5. cxd5 d6 6. e4 a6 7. f4 Nbd7 8. Nf3
Qe7 9. Bd3 g6 10. O-O Bg7 11. e5 dxe5 12. fxe5 Ng4 13. Bg5 Qf8 14. e6 fxe6 15.
dxe6 Ndf6 16. Qa4+ b5 17. Bxb5+ axb5 18. Qxa8 Kd8 19. Nd5 h6 20. e7+ 1-0

[Event "DEM U14 2016"]
[Site "Willingen GER"]
[Date "2016.05.18"]
[Round "6"]
[White "Gutschenreiter, Donato"]
[Black "Yankelevich, Michael"]
[Result "0-1"]
[Termination "normal"]
[Board "22"]
[WhiteElo "1870"]
[BlackElo "1960"]
[PlyCount "124"]
[WhiteFideId "12975540"]
[BlackFideId "12921440"]
[EventCountry "GER"]
[EventRounds "9"]
[EventType "swiss"]
[EventDate "2016.05.14"]

1. e4 c5 2. c3 e6 3. d4 d5 4. exd5 exd5 5. Nf3 Nc6 6. Be2 Nf6 7. O-O Be7 8. h3
O-O 9. Bf4 Bf5 10. Ne5 cxd4 11. Nxc6 bxc6 12. Qxd4 Ne4 13. Qa4 Qb6 14. Qb3 Bc5
15. Qxb6 axb6 16. b4 Bd6 17. Bxd6 Nxd6 18. g4 Rfe8 19. Bf3 Bxb1 20. Rfxb1 Ra3
21. Rc1 Rea8 22. Rc2 Nb5 23. Kg2 Rxc3 24. Rxc3 Nxc3 25. Rc1 d4 26. Bxc6 Rxa2
27. Re1 g6 28. Re8+ Kg7 29. Rd8 Rd2 30. Bf3 Na2 31. b5 Nc1 32. Rd6 Nd3 33. Kg3
Nxf2 34. Rxb6 Nd3 35. Rd6 Ne5 36. Kf4 Nc4 37. Rd7 Rf2 38. Rxd4 Nd2 39. Rd3 Nxf3
40. Rxf3 Rb2 41. h4 Rxb5 42. Kg3 f5 43. g5 h6 44. Rc3 hxg5 45. hxg5 Rb4 46.
Rc7+ Kh8 47. Ra7 Rg4+ 48. Kf3 Rxg5 49. Kf4 Rg1 50. Ke5 Kg8 51. Kf6 f4 52. Ra8+
Kh7 53. Ra7+ Kh6 54. Ra2 Kh5 55. Rh2+ Kg4 56. Kxg6 Kg3 57. Rb2 Re1 58. Kf5 f3
59. Rb3 Kg2 60. Kg4 Re4+ 61. Kf5 Rc4 62. Rb2+ f2 0-1

[Event "DEM U14 2016"]
[Site "Willingen GER"]
[Date "2016.05.18"]
[Round "6"]
[White "Bajorski, Marius"]
[Black "Rauch, Arwid"]
[Result "0-1"]
[Termination "normal"]
[Board "23"]
[WhiteElo "1793"]
[BlackElo "1560"]
[PlyCount "102"]
[WhiteFideId "12938831"]
[BlackFideId "16215923"]
[EventCountry "GER"]
[EventRounds "9"]
[EventType "swiss"]
[EventDate "2016.05.14"]

1. e4 e5 2. Nf3 Nc6 3. Bb5 a6 4. Ba4 Nf6 5. d3 b5 6. Bb3 d6 7. c3 Be7 8. O-O
O-O 9. Re1 Nb8 10. d4 Nbd7 11. Nbd2 Bb7 12. Bc2 Re8 13. Nf1 Bf8 14. Ng3 h6 15.
Bd3 c5 16. a4 c4 17. Bc2 Qc7 18. d5 Nc5 19. Nh4 g6 20. Bd2 Rab8 21. a5 Bc8 22.
Qc1 Kh7 23. f4 exf4 24. Bxf4 Nfd7 25. Nf3 Ne5 26. Nxe5 dxe5 27. Be3 Qd6 28. Rf1
Re7 29. Qd2 Rbb7 30. h3 Bd7 31. Rf3 Be8 32. Raf1 Bg7 33. h4 h5 34. Bg5 Rec7 35.
Bf6 Bh6 36. Bg5 Bg7 37. Bf6 Bh6 38. Qf2 b4 39. Rb1 b3 40. Bd1 Nd3 41. Qf1 Bf4
42. Bg5 Qc5+ 43. Kh2 Bxg5 44. hxg5 Qxa5 45. Be2 Bb5 46. Ra1 Qb6 47. Bxd3 cxd3
48. Rf6 Qe3 49. Qf3 Qxg5 50. Rf1 Kg7 51. Qd1 Qh4+ 0-1